000 00521nam a2200181Ia 4500
001 20323
005 20260306172757.0
008 260306t2023||||xx |||||||||||||| ||spa||
041 _aESP
082 _a343.2
_bC34A
100 _aCastillo Córdova, Luis,
_eAUT
245 0 _aLas reglas jurídicas creadas por el Tribunal Constitucional :
_bcomentarios a sus principales sentencias del año 2022
260 _c2023
300 _a365 páginas :
_c25 cm.
650 _aGEN
654 _aCDE
942 _cLIB
_dJUS
_fJUS
_2ddc
_n
999 _c20323
_d20323